К-т А. Е. "Игнатий Платонович Закревский"

Доступно только в Электронных читальных залах Найти на картеНа карте
RUSMARC
00004138nmc2a22003011x 450
001478781b7-475e-4983-a253-7710e85db738
00520131112235957.0
100##$a20130605l1927 k y0rusy50 ca
1010#$arus
102##$aRU
105##$ac z |||||
2001#$aК-т А. Е. "Игнатий Платонович Закревский"
$j[19--]
215##$a8 листов
$cпортр.
251##$cДело
300##$aЗаголовок дела на папке: А. Е. К-т. "Игнатий Платонович Закревский"
300##$aС дарственной надписью автора Кони А. Ф.
300##$aОттиск
300##$aНапечатано типографским способом
330##$aМатериалы, преподнесенные и посвященные А. Ф. Кони; Книги и другие печатные издания
461#0$10013a54f2e3-e9cf-409b-80fa-f0a9bd3c40cb
$12001
$aКони Анатолий Федорович, юрист, литератор, член академии наук, председатель Санкт-Петербургского окружного суда, член государственного совета
$1251
$cФонд
$1852
$j564
462#0$100178a475cd-a47d-4377-bff3-cee4b81de655
$12001
$aОпись дел фонда А. Ф. Кони за 1880-1931 гг.
$1251
$cОпись
$1852
$j1
517##$aА. Е. К-т. "Игнатий Платонович Закревский"
600#1$aК-т
$bА. Е.
600#1$aКони
$bА. Ф.
$f1844-1927
$gАнатолий Федорович
600#1$aЗакревский
$bИ. П.
$gИгнатий Платонович
801#0$aRU
$bGA_RF
801#1$aRU
$bНПО Опыт
$c20130605
$2rusmarc
801#2$aRU
$bПБ им. Б.Н. Ельцина
$c20131112
$gRCR
$2rusmarc
852##$aГА РФ
$j4113
937##$d41463693
$hПБ
035##$aRuPRLIB51006984
Формат отображения